1758 1538 1182 1882 1073 1125 1021 1748 1444 1556 1033 1502 1466 1167 1099 1982 1528 1139 1994 1873 1529 1071 1926 1930 1457 1808 1481 1159 1119 1165 1815 1076 1666 1052 1236 1727 1924 1316 1619 1218 1732 1567 1335 1161 1052 1673 1473 1209 1966 1799 1187 1968 1325 1960 1531 1019 1204 1476 1311 1994 1964 1231 1416 1576 1704 1583 1902 1001 1835 1170 1139 1628 1776 1883 1741 1451 1542 1141 1123 1339 1093 1718 1473 1221 1681 1673 1581 1163 1405 1443 1922 1851 1577 1421 1710 1526 1682 1799 1964 BCNSPRNW ULIB Ver.6.0+V

เปลี่ยนเป็นภาษาไทย

Change to English
 แสดงรายละเอียดบรรณานุกรม
  กลับหน้าหลัก

Brief Record : Get Marc (ISO 2709) : E-mail record : QR code < ปิดหน้าต่าง
LEADER : 00000nam 2200000uu 4500
001    13399113628
003     ULIB
008    111201s2550||||th 000 0 tha d
020    ^a9749984633
090    ^aนว.^bจ686ห 2550
100 0  ^aเจ้าหญิงผู้เลอโฉม
245 00 ^aหนุ่มแว่นหน้าใสเกี่ยวหัวใจยัยตัวแสบ 2 /^cเจ้าหญิงผู้เลอโฉม
250    ^aพิมพ์ครั้งที่ 1
260    ^aกรุงเทพฯ :^bแจ่มใส,^c2550
300    ^a176 หน้า
710 1  ^aแจ่มใส
945    ^p139^l0^i14047
995    ^aกัณชพร
999    ^aใช้งานได้ทุกระบบ
รายการนี้ยังไม่มีแท็ก
คุณยังไม่ได้ล็อกอิน คุณสามารถมีกิจกรรมร่วมกับเว็บไซต์ได้ แต่ต้องล็อกอินก่อน ::
  ล็อกอิน

รายการสื่อสารสนเทศ

ลำดับที่ ประเภท เลขเรียก/บาร์โค้ด สถานที่ สถานะ
1. นวนิยาย
นวนิยาย
นว. จ686ห 2550 ฉ.1 
  Barcode: 14047
ห้องสมุดวิทยาเขตสวรรค์ประชารักษ์
►นวนิยาย
บนชั้น
  ขอยืม

รายการใกล้เคียง
    ผู้แต่ง [เจ้าหญิงผู้เลอโฉม]

BibComment


ยังไม่เคยถูกคอมเมนท์

คอมเมนท์ทรัพยากรรายการนี้
  คอมเมนท์: หนุ่มแว่นหน้าใสเ..


 Copyright 2026. Bcnsprnw @Library